01742cam a22003735i 4500999001700000001000800017003000900025005001700034008004100051020003500092020003800127040003800165082002400203245007700227250002000304264007000324264001000394300002800404336002600432337002800458338002700486504005100513520029600564650004500860650002800905650004100933653002700974655001701001700002801018856008601046856007401132942001201206952015001218 c27794d277651652110EG-ScBUE20191204144445.0970326t19971997enk f b 001 0 eng d a0312175892 (pbk. : alk. paper) a9780312175894 (pbk. : alk. paper) aDLCbengerdacDLCdDLCdEG-ScBUE04a801.950904bTWE22200aTwentieth-century literary theory :ba reader /cedited by K. M. Newton. aSecond edition. 1aBasingstoke, Hampshire ;aNew York :bPalgrave Macmillan,c[1997] 4cc1997 axix, 306 pages ;c23 cm atextbtxt2rdacontent aunmediatedbn2rdamedia avolumebnc2rdacarrier aIncludes bibliographical references and index. aA thoroughly revised edition of this successful undergraduate introduction to literary theory, this text includes core pieces by leading theorists from Russian Formalists to Postmodernist and Post-colonial critics. An ideal teaching resource, with helpful introductory notes to each chapter. 7aCriticismxHistoryy20th century.2BUEsh 7aLiterary theory.2BUEsh 7aLiteraturexPhilosophy2BUEsh924262 bHHUUEENNcNovember2019 vReading book1 aNewton, K. M.,eeditor.423Publisher descriptionuhttp://www.loc.gov/catdir/description/hol055/97010704.html413Table of contentsuhttp://www.loc.gov/catdir/toc/hol052/97010704.html 2ddccBB 00102ddc40708BaccahaMAINbMAINc2NDd2019-11-21ePurchaseg750.00l0o801.950904 TWEp000048275r2025-07-15 00:00:00v937.50w2019-11-21yBB